Countries That Border China - Statistics

General Stats
  • This quiz has been taken 26 times
  • The average score is 11 of 14
Answer Stats
Answer % Correct
Russia
100%
Mongolia
92%
North Korea
88%
Vietnam
88%
Kazakhstan
84%
Nepal
84%
India
80%
Pakistan
80%
Bhutan
76%
Myanmar
76%
Kyrgyzstan
72%
Laos
72%
Tajikistan
68%
Afghanistan
64%
No matching quizzes found
Score Distribution
Percent of People with Each Score
Percentile by Number Answered
Your Score History
You have not taken this quiz